000 01178nam a2200265 4500
999 _c22841
_d22841
001 vtls011891631
005 20200129125319.0
008 191004s2019 xo f n 000 0 slo c
020 _a9788081093746
_q(brožované)
040 _aPPPK
_bslo
_cPPPK
_erda
041 1 _aslo
_heng
044 _axo
_cSK
100 1 _aMorin, Amy
_4aut
_91588
240 1 0 _a13 things mentaly strong parents don’t do
_lSlovensky
245 1 0 _a13 vecí, ktoré psychicky silní rodičia nerobia
_bako vychovať sebaisté, vyrovnané deti a nastaviť ich myslenie na šťastný, zmysluplný a úspešný život
_cAmy Morin ; z anglického originálu Amy Morin - 13 things mentaly strong parents don’t do ... preložila Marianna Secci
246 3 0 _aTrinásť vecí, ktoré psychicky silní rodičia nerobia
246 3 0 _aAko vychovať sebaisté, vyrovnané deti a nastaviť ich myslenie na šťastný, zmysluplný a úspešný život
264 1 _aBratislava
_bEastone Books
_c2019
300 _a322 strán
_c21 cm
336 _atext
_btxt
_2rdacontent
337 _abez média
_bn
_2rdamedia
338 _azväzok
_bnc
_2rdacarrier
490 1 _aOpen Mind
700 1 _aSecci, Mariana
_4trl
_91589